000 003300000a22001450004500
020 _a0-8028-0166-8
041 0 _aENG
082 0 4 _aG 891.6 C9784c
100 1 _aCurtis, Adrian
245 1 0 _aUgarit : Ras Shamra / Adrian Curtis
260 _aGrand Rapids, MI., USA : Eerdmans
300 _a125 Pag
001 11203
942 _cBK
999 _c40569
_d40569